My vs. tí druhí. Jazyk pravicového populizmu v európskom porovnaní

Jazyk pravicového populizmu. Národ (ľud) ako centrálna kategória jazyka pravicového populizmu. Nepriatelia národa - menšiny (maďarská menšina, Rómovia), imigranti. Jazyk pravicových populistov založený na dichotomickom vnímaní v zmysle priateľ vs. nepriateľ.

Na minha lista:
Detalhes bibliográficos
Autor principal: Štefančík, Radoslav, 1976-
Outros Autores: Matytsina, Marina Stanislavovna
Formato: Capítulo de Livro
Idioma:eslovaco
Assuntos:
Tags: Adicionar Tag
Sem tags, seja o primeiro a adicionar uma tag!

MARC

LEADER 00000naa$a2200000$$$4500
001 0259995
005 20240502074117.8
041 0 |a slo 
044 |a SK 
245 1 0 |a My vs. tí druhí. Jazyk pravicového populizmu v európskom porovnaní  |c Radoslav Štefančík, Marina Stanislavovna Matytsina 
520 |a Jazyk pravicového populizmu. Národ (ľud) ako centrálna kategória jazyka pravicového populizmu. Nepriatelia národa - menšiny (maďarská menšina, Rómovia), imigranti. Jazyk pravicových populistov založený na dichotomickom vnímaní v zmysle priateľ vs. nepriateľ. 
610 2 0 |a politika 
610 2 0 |a strany politické 
610 2 0 |a komunikácia verbálna 
610 2 0 |a médiá 
610 2 0 |a menšiny národnostné 
610 2 0 |a imigrácia 
610 2 0 |a náboženstvo 
610 2 0 |a islam 
100 1 |a Štefančík, Radoslav, 1976- 
700 1 |a Matytsina, Marina Stanislavovna